FRUIT-bearing forest trees : Technical notes

Bibliographic Details
Corporate Author: Food and Agriculture Organization of the United Nations (FAO)
Format: Book
Published: Rome : Food and Agriculture Organization of the United Nations , 1982
Series:FAO forestry paper ; v. 34
Subjects:

MARC

LEADER 00000cam a2200000 7i4500
001 0000001261
005 20140330.0
020 0 0 |a 9251012180 
090 0 0 |a FAO581.61   |b FRU 1982 
245 0 0 |a FRUIT-bearing forest trees :   |b Technical notes   |c with the assistance of the Swedish International Development Authority 
260 0 0 |a Rome :   |b Food and Agriculture Organization of the United Nations ,   |c 1982 
300 |a iv, 177 p. :   |b ill. ;   |c 30 cm. 
440 0 0 |a FAO forestry paper ; v. 34 
650 0 0 |a Fruit trees 
650 0 0 |a Trees 
710 1 1 |a Food and Agriculture Organization of the United Nations (FAO) 
998 |a JPSM 
999 |a 0000002155   |b Monograph   |c Food and Agriculture Organization   |e Default branch